El acto administrativo: -teoría y régimen jurídico-

Guardat en:
Dades bibliogràfiques
Autor principal: Cassagne, Juan Carlos (Autor)
Format: Llibre
Idioma:espanyol
Publicat: Santiago La Ley 2011
Edició:1a. ed
Matèries:
Etiquetes: Afegir etiqueta
Sense etiquetes, Sigues el primer a etiquetar aquest registre!

MARC

LEADER 00000cam a2200000 a 4500
001 UCC3457
003 CL-VaPUC
008 180518e20110000cl |||||||||||||||||spa|d
020 |a 9789870323952 
082 0 4 |a 342.06  |b CAS  |2 21 
100 0 |a Cassagne, Juan Carlos  |e author  |9 597444 
245 1 3 |a El acto administrativo: -teoría y régimen jurídico- 
250 |a 1a. ed 
300 |a 496 p 
942 |c BK 
945 |d 20180518 12:56:00  |a arojas 
260 |a Santiago  |b La Ley  |c 2011 
650 0 |a Derecho administrativo  |9 254851 
650 0 |a Administración pública   |9 255343 
650 0 |a Responsabilidad del estado  |9 258115 
650 0 |a Actos administrativos   |9 256128 
650 0 |a Recursos administrativos  |9 255671 
650 0 |a Procedimiento administrativo  |9 256132 
583 |a last modification  |c 20180518 12:56:00  |k Rodrigo Vera 
999 |c 371155  |d 371153 
952 |0 0  |1 0  |3 erd  |4 0  |6 342_060000000000000_CAS_2011  |7 0  |8 A  |9 488053  |a BIBDER  |b BIBDER  |i 5469716  |l 1  |o 342.06 CAS 2011  |p 5469716  |r 2023-01-25  |s 2020-11-19  |w 2019-11-24  |y BK  |z Catalogado en:20180518  |k DER